W. G. Sebald's hybrid poetics : (Record no. 144465)
[ view plain ]
| 000 -LEADER | |
|---|---|
| fixed length control field | 01846nam a2200385 i 4500 |
| 001 - CONTROL NUMBER | |
| control field | ebr11010321 |
| 003 - CONTROL NUMBER IDENTIFIER | |
| control field | CaPaEBR |
| 006 - FIXED-LENGTH DATA ELEMENTS--ADDITIONAL MATERIAL CHARACTERISTICS--GENERAL INFORMATION | |
| fixed length control field | m o d |
| 007 - PHYSICAL DESCRIPTION FIXED FIELD--GENERAL INFORMATION | |
| fixed length control field | cr cn||||||||| |
| 008 - FIXED-LENGTH DATA ELEMENTS--GENERAL INFORMATION | |
| fixed length control field | 150209t20142014gw ob 001 0 eng d |
| 020 ## - INTERNATIONAL STANDARD BOOK NUMBER | |
| Cancelled/invalid ISBN | 9783110340495 |
| International Standard Book Number | 9783110340556 (e-book) |
| 040 ## - CATALOGING SOURCE | |
| Original cataloging agency | CaPaEBR |
| Language of cataloging | eng |
| Description conventions | rda |
| -- | pn |
| Transcribing agency | CaPaEBR |
| 035 ## - SYSTEM CONTROL NUMBER | |
| System control number | (OCoLC)890070976 |
| 050 14 - LIBRARY OF CONGRESS CALL NUMBER | |
| Classification number | PT2681.E18 |
| Item number | .W654 2014eb |
| 082 04 - DEWEY DECIMAL CLASSIFICATION NUMBER | |
| Classification number | 833/.914 |
| Edition number | 23 |
| 100 1# - MAIN ENTRY--PERSONAL NAME | |
| Personal name | Wolff, Lynn L., |
| Relator term | author. |
| 245 10 - TITLE STATEMENT | |
| Title | W. G. Sebald's hybrid poetics : |
| Remainder of title | literature as historiography / |
| Statement of responsibility, etc | Lynn L. Wolff. |
| 264 #1 - PRODUCTION, PUBLICATION, DISTRIBUTION, MANUFACTURE, AND COPYRIGHT NOTICE | |
| Place of production, publication, distribution, manufacture | Berlin, [Germany] ; |
| -- | Boston, [Massachusetts] : |
| Name of producer, publisher, distributor, manufacturer | De Gruyter, |
| Date of production, publication, distribution, manufacture, or copyright notice | 2014. |
| Date of production, publication, distribution, manufacture, or copyright notice | �2014 |
| 300 ## - PHYSICAL DESCRIPTION | |
| Extent | 1 online resource (309 pages). |
| 336 ## - CONTENT TYPE | |
| Content type term | text |
| Source | rdacontent |
| 337 ## - MEDIA TYPE | |
| Media type term | computer |
| Source | rdamedia |
| 338 ## - CARRIER TYPE | |
| Carrier type term | online resource |
| Source | rdacarrier |
| 490 1# - SERIES STATEMENT | |
| Series statement | Interdisciplinary German Cultural Studies, |
| International Standard Serial Number | 1861-8030 ; |
| Volume number/sequential designation | Volume 14 |
| 504 ## - BIBLIOGRAPHY, ETC. NOTE | |
| Bibliography, etc | Includes bibliographical references and indexes. |
| 588 ## - SOURCE OF DESCRIPTION NOTE | |
| Source of description note | Description based on print version record. |
| 590 ## - LOCAL NOTE (RLIN) | |
| Local note | Electronic reproduction. Palo Alto, Calif. : ebrary, 2015. Available via World Wide Web. Access may be limited to ebrary affiliated libraries. |
| 600 10 - SUBJECT ADDED ENTRY--PERSONAL NAME | |
| Personal name | Sebald, W. G. |
| Fuller form of name | (Winfried Georg), |
| Dates associated with a name | 1944-2001 |
| General subdivision | Criticism and interpretation. |
| 655 #0 - INDEX TERM--GENRE/FORM | |
| Genre/form data or focus term | Electronic books. |
| 776 08 - ADDITIONAL PHYSICAL FORM ENTRY | |
| Display text | Print version: |
| Main entry heading | Wolff, Lynn L. |
| Title | W. G. Sebald's hybrid poetics : literature as historiography. |
| Place, publisher, and date of publication | Berlin, [Germany] ; Boston, [Massachusetts] : De Gruyter, c2014 |
| Physical description | x, 297 pages |
| Series data for related item | Interdisciplinary German cultural studies ; Volume 14. |
| International Standard Serial Number | 1861-8030 |
| International Standard Book Number | 9783110340495 |
| Record control number | 2014005991 |
| 797 2# - LOCAL ADDED ENTRY--CORPORATE NAME (RLIN) | |
| Corporate name or jurisdiction name as entry element | ebrary. |
| 830 #0 - SERIES ADDED ENTRY--UNIFORM TITLE | |
| Uniform title | Interdisciplinary German cultural studies ; |
| Volume number/sequential designation | Volume 14. |
| 856 40 - ELECTRONIC LOCATION AND ACCESS | |
| Uniform Resource Identifier | <a href="http://site.ebrary.com/lib/rucke/Doc?id=11010321">http://site.ebrary.com/lib/rucke/Doc?id=11010321</a> |
| Public note | An electronic book accessible through the World Wide Web; click to view |
No items available.
